000 01138nam a22003017a 4500
001 6307
003 FISKH
005 20250409153151.0
008 250409b cb ||||| |||| 00| 0 eng d
020 _a0590697765
040 _aFISKH
_beng
_cFISKH
_dFISKH
050 _aPZ7.B46626 B
082 _a813.54
100 _aBetancourt, Jeanne
_d(1941-)
245 _aPony pals :
_bThe baby pony /
_cJeanne Betancourt ; illustrated by Paul Bachem
250 _aThis edition first published in 1996
260 _aNew York :
_bScholastic,
_c1996
300 _a91 pages :
_billustrations ;
_c20 cm
505 _aP
520 _aWhen a foal is dropped off at the Crandal Animal Clinic, the Pony Pals want to care for the baby pony, who has no mother and no home. But caring for the foal is a lot of work, and the pony is not easy to control. Can the Pony Pals find a way to care for the pony? Will the pony survive?
521 8 _a630
_bLexile
521 8 _aP
_bRaz-Plus
650 _2Pony Pals
_aAnimal fiction
650 _2Horses
_aEarly Chapters
700 _aBachem, Paul
_dillustrator
942 _2ddc
_cBK
_n0
999 _c6307
_d6307